| 000 | 00000nam 2200000zi 4500 |
| 001 | 9.922122 |
| 003 | CaOODSP |
| 005 | 20230503114953 |
| 006 | m o d f |
| 007 | cr |n||||||||| |
| 008 | 230501e20230403oncd o f|0| 0 eng d |
| 040 | |aCaOODSP|beng|erda|cCaOODSP |
| 043 | |an-cn--- |
| 086 | 1 |aYN5-266/2023E-PDF |
| 245 | 00|aPersonnel expenditure analysis : |bupdate. |
| 264 | 1|aOttawa : |bOffice of the Parliamentary Budget Officer = Bureau du Directeur parlementaire du budget, |cApril 4, 2023. |
| 264 | 4|c©2023 |
| 300 | |a1 online resource (16 pages) : |bcharts |
| 336 | |atext|btxt|2rdacontent |
| 337 | |acomputer|bc|2rdamedia |
| 338 | |aonline resource|bcr|2rdacarrier |
| 500 | |aIssued also in French under title: Examen des dépenses en personnel : mise à jour. |
| 500 | |a"RP-2324-002-S_e." |
| 520 | |a"This report provides an analysis of the Government’s spending on personnel, on a cash basis, over 2020-21 to 2021-22. The report highlights some key findings that were generated from the Personnel Expenditure Analysis Tool, PBO’s interactive online tool. The report also highlights potential cost pressures related to the current round of collective bargaining"--Summary, page 1. |
| 650 | 0|aLabor costs|zCanada. |
| 651 | 0|aCanada|xOfficials and employees|xSalaries, etc. |
| 710 | 1 |aCanada. |bOffice of the Parliamentary Budget Officer, |eissuing body. |
| 775 | 08|tExamen des dépenses en personnel : |w(CaOODSP)9.922209 |
| 856 | 40|qPDF|s898 KB|uhttps://publications.gc.ca/collections/collection_2023/dpb-pbo/YN5-266-2023-eng.pdf |